LDR 00629nam a2200169 i 4500 001 000000138825 003 CaOOAMICUS 005 20260317095324.0 008 050511s1927 gw u000 u ger u 040 $aSeMil$bita 245 10$a2: Film bis Kapitalismus. 300 $aVII, 1822 col. :$bmit 56 Bildern und Kärtchen. 773 0 $tStaatslexikon.$dFreiburg im Breisgau : Herder, 1926-1932.$b5. von Grund aus Neubearbeitete Auflage.$gBand2$w()13454 850 $aSeMil 852 $aSeMil$W1$xVenegono$y1$B92266$CSeMilBibl$Z2$F97431 $8I 996 $6245$a2: Film bis Kapitalismus$9(OLS)http://semarc/title/202910